Konkurenceschopnost lidského kapitálu České republiky
V priebehu transformácie prebehli v českej ekonomike zásadné štrukturálne zmeny ovplyvňujúce zamestnanosť. Česká ekonomika pomerne rýchlo preorientovala svoj export z krajín RVHP na západoeurópske trhy. Priemerné mzdy v Čechách. Náklady práce a produktivita. Lisabonská stratégia a jej ciele. Kvalita...
Salvato in:
| Autore principale: | |
|---|---|
| Natura: | Capitolo di libro |
| Lingua: | ceco |
| Soggetti: | |
| Tags: |
Nessun Tag, puoi essere il primo ad aggiungerne!!
|
MARC
| LEADER | 00000naa$a2200000$$$4500 | ||
|---|---|---|---|
| 001 | 0049361 | ||
| 005 | 20221128095405.2 | ||
| 041 | 0 | |a cze | |
| 044 | |a SK | ||
| 245 | 1 | 0 | |a Konkurenceschopnost lidského kapitálu České republiky |c Dana Zadražilová |
| 520 | |a V priebehu transformácie prebehli v českej ekonomike zásadné štrukturálne zmeny ovplyvňujúce zamestnanosť. Česká ekonomika pomerne rýchlo preorientovala svoj export z krajín RVHP na západoeurópske trhy. Priemerné mzdy v Čechách. Náklady práce a produktivita. Lisabonská stratégia a jej ciele. Kvalita ľudského kapitálu - spoločnosť vedomostí. | ||
| 610 | 2 | 0 | |a kapitál ľudský |
| 610 | 2 | 0 | |a konkurencieschopnosť |
| 610 | 2 | 0 | |a transformácia |
| 610 | 2 | 0 | |a hospodárstvo národné |
| 610 | 2 | 0 | |a náklady práce |
| 610 | 2 | 0 | |a produktivita |
| 610 | 2 | 0 | |a mzdy priemerné |
| 610 | 2 | 0 | |a zamestnanosť |
| 610 | 2 | 0 | |a spoločnosť vedomostná |
| 610 | 2 | 0 | |a Česko |
| 100 | 1 | |a Zadražilová, Dana | |